| 000 | 00474nmm a2200145Ia 4500 | ||
|---|---|---|---|
| 008 | 251105s9999||||xx |||||||||||||||||und|| | ||
| 041 | _aspa | ||
| 100 | _aRoldán Pazos, Pilar | ||
| 245 | 0 | _aImagen y promoción en el punto de venta | |
| 264 |
_a[Madrid, España] : _bMinisterio de Educación, Cultura y Deporte de España, _c2012 |
||
| 300 | _a220 páginas | ||
| 650 | _aEconomics and Business | ||
| 856 | _uhttps://public.digitaliapublishing.com/a/20925 | ||
| 942 | _cCF | ||
| 999 |
_c104628 _d104628 |
||